| 000 | 01285cam a2200313 a 4500 | ||
|---|---|---|---|
| 001 | 4488105 | ||
| 003 | ARRUPE | ||
| 005 | 20150109114124.0 | ||
| 008 | 970313s1998 enka b 001 0 eng | ||
| 010 | _a 97008813 | ||
| 020 | _a0521581273 | ||
| 040 |
_aDLC _cDLC _dDLC |
||
| 050 | 0 | 0 |
_aQC174.12 _b.D53 1998 |
| 082 | 0 | 0 |
_a530.12 _221 |
| 100 | 1 |
_aDickson, William Michael, _d1968- _913640 |
|
| 245 | 1 | 0 |
_aQuantum chance and non-locality : _bprobability and non-locality in the interpretations of quantum mechanics / _cW. Michael Dickson. |
| 260 |
_aCambridge ; _aNew York, NY : _bCambridge University Press, _c1998. |
||
| 300 |
_axix, 244 p. : _bill. ; _c26 cm. |
||
| 504 | _aIncludes bibliographical references (p. 231-241) and index. | ||
| 650 | 0 |
_aQuantum theory. _913641 |
|
| 650 | 0 |
_aPhysics _xPhilosophy. _913642 |
|
| 650 | 0 |
_aDeterminism (Philosophy) _913643 |
|
| 650 | 0 |
_aChance. _92817 |
|
| 856 | 4 | 2 |
_3Publisher description _uhttp://www.loc.gov/catdir/description/cam028/97008813.html |
| 856 | 4 | 1 |
_3Table of contents _uhttp://www.loc.gov/catdir/toc/cam021/97008813.html |
| 906 |
_a7 _bcbc _corignew _d1 _eocip _f19 _gy-gencatlg |
||
| 942 |
_2lcc _cMONOGRAPH |
||
| 999 |
_c121562 _d121562 |
||